<?xml version="1.0" encoding="UTF-8"?>
<record
    xmlns:xsi="http://www.w3.org/2001/XMLSchema-instance"
    xsi:schemaLocation="http://www.loc.gov/MARC21/slim http://www.loc.gov/standards/marcxml/schema/MARC21slim.xsd"
    xmlns="http://www.loc.gov/MARC21/slim">

  <leader>01108nam0a22002651  4500</leader>
  <controlfield tag="001">v19\rc\2060805</controlfield>
  <controlfield tag="005">20260405071918.0</controlfield>
  <datafield tag="035" ind1=" " ind2=" ">
    <subfield code="a">(NLR Aleph) 005147346</subfield>
  </datafield>
  <datafield tag="090" ind1=" " ind2=" ">
    <subfield code="a">4865661</subfield>
    <subfield code="c">4865661</subfield>
  </datafield>
  <datafield tag="100" ind1=" " ind2=" ">
    <subfield code="a">20081111e19091909|||y0rusy50      ca</subfield>
  </datafield>
  <datafield tag="101" ind1="0" ind2=" ">
    <subfield code="a">rus</subfield>
  </datafield>
  <datafield tag="102" ind1=" " ind2=" ">
    <subfield code="a">RU</subfield>
  </datafield>
  <datafield tag="105" ind1=" " ind2=" ">
    <subfield code="a">y   z   |||c|</subfield>
  </datafield>
  <datafield tag="200" ind1="1" ind2=" ">
    <subfield code="a">&#x412;&#x43E;&#x43B;&#x433;&#x430;</subfield>
    <subfield code="e">&#x41F;&#x443;&#x442;&#x435;&#x432;&#x43E;&#x439; &#x43E;&#x447;&#x435;&#x440;&#x43A;</subfield>
    <subfield code="f">&#x413;&#x440;. &#x415;.&#x410;. &#x421;&#x430;&#x43B;&#x438;&#x430;&#x441;</subfield>
  </datafield>
  <datafield tag="210" ind1=" " ind2=" ">
    <subfield code="a">&#x41C;&#x43E;&#x441;&#x43A;&#x432;&#x430;</subfield>
    <subfield code="c">&#x410;.&#x410;. &#x41F;&#x435;&#x442;&#x440;&#x43E;&#x432;&#x438;&#x447;</subfield>
    <subfield code="d">1909</subfield>
  </datafield>
  <datafield tag="215" ind1=" " ind2=" ">
    <subfield code="a">255 &#x441;.</subfield>
    <subfield code="d">22</subfield>
  </datafield>
  <datafield tag="311" ind1=" " ind2=" ">
    <subfield code="a">&#x41E;&#x442;&#x442;. &#x438;&#x437;. &#x438;&#x437;&#x434;.: &#x41A;&#x43D;&#x438;&#x433;&#x430; &#x436;&#x443;&#x440;&#x43D;. "&#x420;&#x43E;&#x434;&#x43D;&#x430;&#x44F; &#x440;&#x435;&#x447;&#x44C;", 1909, &#x2116; 2-4</subfield>
  </datafield>
  <datafield tag="488" ind1=" " ind2="0">
    <subfield code="1">2001#$a&#x41A;&#x43D;&#x438;&#x433;&#x430; &#x436;&#x443;&#x440;&#x43D;&#x430;&#x43B;&#x430; "&#x420;&#x43E;&#x434;&#x43D;&#x430;&#x44F; &#x440;&#x435;&#x447;&#x44C;"$v1909, &#x2116; 2-4</subfield>
    <subfield code="t">&#x41A;&#x43D;&#x438;&#x433;&#x430; &#x436;&#x443;&#x440;&#x43D;&#x430;&#x43B;&#x430; "&#x420;&#x43E;&#x434;&#x43D;&#x430;&#x44F; &#x440;&#x435;&#x447;&#x44C;"</subfield>
  </datafield>
  <datafield tag="700" ind1=" " ind2="1">
    <subfield code="8">rus</subfield>
    <subfield code="7">ca</subfield>
    <subfield code="a">&#x421;&#x430;&#x43B;&#x438;&#x430;&#x441;-&#x434;&#x435;-&#x422;&#x443;&#x440;&#x43D;&#x435;&#x43C;&#x438;&#x440;</subfield>
    <subfield code="b">&#x415;. &#x410;.</subfield>
    <subfield code="f">1840-1908</subfield>
    <subfield code="g">&#x415;&#x432;&#x433;&#x435;&#x43D;&#x438;&#x439; &#x410;&#x43D;&#x434;&#x440;&#x435;&#x435;&#x432;&#x438;&#x447;</subfield>
    <subfield code="3">RU\NLR\auth\7718544</subfield>
    <subfield code="9">1621</subfield>
  </datafield>
  <datafield tag="790" ind1=" " ind2="1">
    <subfield code="8">rus</subfield>
    <subfield code="7">ca</subfield>
    <subfield code="a">&#x421;&#x430;&#x43B;&#x438;&#x430;&#x441;-&#x434;&#x435;-&#x422;&#x443;&#x440;&#x43D;&#x435;&#x43C;&#x438;&#x440;</subfield>
    <subfield code="b">&#x415;. &#x410;.</subfield>
    <subfield code="f">1840-1908</subfield>
    <subfield code="g">&#x415;&#x432;&#x433;&#x435;&#x43D;&#x438;&#x439; &#x410;&#x43D;&#x434;&#x440;&#x435;&#x435;&#x432;&#x438;&#x447;</subfield>
    <subfield code="3">RU\NLR\AUTH\7718544</subfield>
    <subfield code="9">1621</subfield>
  </datafield>
  <datafield tag="801" ind1=" " ind2="0">
    <subfield code="a">RU</subfield>
    <subfield code="b">NLR</subfield>
    <subfield code="g">psbo</subfield>
  </datafield>
  <datafield tag="801" ind1=" " ind2="1">
    <subfield code="a">RU</subfield>
    <subfield code="b">ProSoft-M</subfield>
    <subfield code="2">rusmarc</subfield>
  </datafield>
  <datafield tag="852" ind1=" " ind2=" ">
    <subfield code="a">NLR</subfield>
    <subfield code="j">88-5/703</subfield>
  </datafield>
  <datafield tag="942" ind1=" " ind2=" ">
    <subfield code="c">BOOK</subfield>
  </datafield>
  <datafield tag="980" ind1=" " ind2=" ">
    <subfield code="a">NB</subfield>
  </datafield>
  <datafield tag="995" ind1=" " ind2=" ">
    <subfield code="5">2013-10-26</subfield>
    <subfield code="b">NLR01</subfield>
    <subfield code="c">NLR01</subfield>
    <subfield code="e">RF9</subfield>
    <subfield code="f">1-1933432</subfield>
    <subfield code="k">88-5/703</subfield>
    <subfield code="o">0</subfield>
    <subfield code="r">BOOK</subfield>
    <subfield code="s">885703_</subfield>
  </datafield>
</record>
